000 00633nam a2200205 a 4500
005 20230607063615.0
008 150602s2014 mx r 000 0 spa d
020 _a9786070918278
035 _aUPN01000203983
049 _aCG
050 4 _aF1386.7 A2
_bG6.2
100 1 _aGonzález Obregón, Luis,
_d1865-1938
_931031
245 1 4 _aLas calles de México /
_cLuis González Obregón.
260 _aMéxico :
_bSEP :
_bPorrúa,
_c2014.
300 _axiv, 465 p.
440 0 _aBiblioteca mexicana del conocimiento.
_pLetras y voces
651 4 _aCiudad de México
_xCalles
_xLeyendas
_915888
905 _aLibro
999 _c176084
_d176084